Normal view
MARC view
Entry Personal Name
001 - CONTROL NUMBER
- control field: 3965
003 - CONTROL NUMBER IDENTIFIER
- control field: BD-RjUL
005 - DATE AND TIME OF LATEST TRANSACTION
- control field: 20220630131900.0
008 - FIXED-LENGTH DATA ELEMENTS
- fixed length control field: 220630|| aca||aabn | a|a d
040 ## - CATALOGING SOURCE
- Original cataloging agency: BD-RjUL
- Transcribing agency: BD-RjUL
100 ## - HEADING--PERSONAL NAME
- Personal name: Ibn al-Rūmī,
- Dates associated with a name: 836-896
670 ## - SOURCE DATA FOUND
- Source citation: Work cat.: (BD-RjUL)80068: Ḥasan, Muḥammad ʿAbd al-Ghanī. 3964, ابن الرومي [Ibn al-Rūmī], /, 1960.